000 00541nam a22001697a 4500
003 MACL
005 20160727161005.0
008 160727b xxu||||| |||| 00| 0 eng d
040 _cMACL
041 _aHindi
082 _a800 BHA
100 _aभट़ट, महेश
_965546
245 _aसारांश...
_bअलविदा यू. जी
_cमहेश भटट
260 _aनई दिल्‍ली
_bरोशनाई प्रकाशन
_c2011
650 _aसंस्‍मरण
_954854
942 _2ddc
_cHIN
999 _c55157
_d55157